00731 a2200193 45000010006000000050017000060080041000230030015000640400040000790800022001192450104001410200018002452640050002633000019003135050146003320410008004781000022004867000029005085470420260407155822.0260407a1981 arg spa dAR-UNSa-BCEJYS aAR-UNSa-BCEJYSbspacAR-UNSa-BCEJYS a321.7xDemocracia10aDemocracia y socialismophistoria y política de los últimos ciento cincuenta años (1789-1937) a968-23-1072-5 1aMéxico :bEdiciones Pasado y Presentec1981 a351 p.c21 cm. aI. La democracia moderna hasta Marx - II. Democracia y Marxismo.1845-1895 - III. De 1895-1937.Los partidos obreros antes de la guerra mundial aspa1 aRosenberg, Arthur1 aGarcía Ruíz, Alfonso